| 000 | 00805cab a2200241 4500 | ||
|---|---|---|---|
| 001 | WB2918-29 | ||
| 008 | 090401t1993 xxu||||| |||| 00| 0 eng d | ||
| 035 | _a(Sirsi) u25310 | ||
| 041 | _aeng | ||
| 245 | _aBest and final offers | ||
| 260 | _c1993 | ||
| 350 | _a0 | ||
| 490 |
_aCS Monthly : General Practice _v2(8) May 1993, 3(1) |
||
| 520 | _aThe RICS Agency Skills Panel has devised a set of standard clauses to be used when inviting best and final offers for a property on which there are several offers in excess of the asking price. | ||
| 650 | _aAGENCY | ||
| 650 | _aBEST AND FINAL OFFER | ||
| 650 | _aPROPERTY SALES | ||
| 650 | _aSEALED BIDS | ||
| 650 | _aSKILLS PANEL OUTPUTS | ||
| 690 | _aMANAGEMENT-BUSINESS MANAGEMENT-PROFESSIONAL PRACTICE | ||
| 942 | _n0 | ||
| 948 | _c04/03/1997 | ||
| 999 |
_c16991 _d16991 |
||